[Event "e2e4 Dublin Easter Masters"]
[Site "Dublin IRL"]
[Date "2012.04.07"]
[Round "5"]
[White "Bjerke, Silje"]
[Black "Keogh, Eamon"]
[Result "1-0"]
[WhiteTitle "WIM"]
[WhiteElo "2238"]
[BlackElo "2002"]
[WhiteFideId "1502786"]
[BlackFideId "2500264"]
[EventDate "2012.04.05"]

1. e4 e5 2. Nf3 d6 3. d4 exd4 4. Nxd4 Be7 5. Nc3 Nf6 6. Be2 a6 7. a4 c5 8. Nf3
Nc6 9. O-O O-O 10. Bf4 Nh5 11. Be3 Bf6 12. Qd2 Bxc3 13. Qxc3 Qf6 14. Qxf6 Nxf6
15. Nd2 Re8 16. Rfd1 d5 17. Bxc5 Nxe4 18. Nxe4 dxe4 19. Rd6 Bf5 20. c3 Ne5 21.
Rd5 Rac8 22. Bd4 f6 23. Bxe5 fxe5 24. Rad1 Kf7 25. g4 Bg6 26. h4 h6 27. Rd7+ Re7
28. R1d6 Bh7 29. g5 hxg5 30. Bh5+ g6 31. Bg4 Rc7 32. hxg5 Rcxd7 33. Rxd7 Bg8 34.
Rd6 Rc7 35. Kf1 Kg7 36. Ke2 a5 37. Ke3 Bb3 38. Bd7 Bc2 39. Be8 Kf8 40. Bxg6 Rg7
41. Bxe4 Bxa4 42. g6 Be8 43. Rb6 Rc7 44. Kf3 a4 45. Kg4 Rc4 46. Kf5 a3 47. bxa3
Rxc3 48. Rxb7 Rc5 49. g7+ Kg8 50. Rb8 1-0

[Event "e2e4 Dublin Easter Masters"]
[Site "Dublin IRL"]
[Date "2012.04.07"]
[Round "5"]
[White "Mihajlov, Sebastian"]
[Black "Courtney, John"]
[Result "1/2-1/2"]
[WhiteElo "2053"]
[BlackElo "2132"]
[WhiteFideId "1512110"]
[BlackFideId "2502380"]
[EventDate "2012.04.05"]

1. d4 Nf6 2. c4 e6 3. Nc3 Bb4 4. Qc2 b6 5. a3 Bxc3+ 6. Qxc3 Bb7 7. Nf3 d6 8. g3
Nbd7 9. Bg2 Ne4 10. Qc2 f5 11. Ng5 Nxg5 12. Bxb7 Rb8 13. Bg2 Qf6 14. O-O Nf7 15.
e4 fxe4 16. Qxe4 c5 17. Bh3 Nd8 18. Bf4 Qxd4 19. Qxd4 cxd4 20. Bxd6 Rc8 21. Rac1
Nf7 22. Rfe1 e5 23. Bxe5 Nfxe5 24. Bxd7+ Kxd7 25. Rxe5 Rhd8 26. Rd1 Rxc4 27. b3
Rc3 28. Rxd4+ Kc8 29. Rxd8+ Kxd8 30. Re3 Rc5 31. Kg2 Kd7 32. h4 a5 33. a4 b5 34.
axb5 Rxb5 35. g4 Rb4 36. Kg3 a4 37. bxa4 Rxa4 38. f4 Ra1 39. f5 Ra6 40. Re4 Rb6
41. g5 Ra6 42. Kg4 Rb6 43. Re5 Ra6 44. Kh5 Rb6 45. Ra5 Ke7 46. Ra7+ Kf8 47. Ra8+
Kf7 48. Rh8 Rb5 49. f6 gxf6 50. Rxh7+ Kg8 51. Kh6 fxg5 52. Rg7+ Kf8 53. hxg5
Rb6+ 54. Kh7 Rb1 55. Rg8+ Kf7 56. g6+ Kf6 57. Rf8+ Kg5 58. g7 Rh1+ 59. Kg8 Ra1
60. Kf7 Ra7+ 61. Kg8 Kg6 1/2-1/2

[Event "e2e4 Dublin Easter Masters"]
[Site "Dublin IRL"]
[Date "2012.04.07"]
[Round "5"]
[White "Capitelli, Paolo"]
[Black "Christiansen, Johan-Sebastian"]
[Result "0-1"]
[WhiteElo "2122"]
[BlackElo "1938"]
[WhiteFideId "809330"]
[BlackFideId "1512668"]
[EventDate "2012.04.05"]

1. e4 e5 2. Nf3 Nc6 3. Bc4 Nf6 4. d3 Be7 5. c3 O-O 6. Nbd2 d5 7. Bb3 Re8 8. Qe2
Bf8 9. Nf1 Be6 10. Bc2 h6 11. Ng3 Qd7 12. O-O Rad8 13. Kh1 b5 14. Rd1 Bc5 15.
Be3 d4 16. cxd4 Bxd4 17. Bxd4 Nxd4 18. Nxd4 Qxd4 19. Bb3 Bc8 20. Rac1 Re7 21.
Rc6 Bd7 22. Rc3 g6 23. Rdc1 c6 24. Qf3 Kg7 25. h3 Be8 26. Ne2 Qd6 27. Rd1 Qc7
28. g4 Qc8 29. Qg3 h5 30. g5 Nh7 31. Rc5 Qc7 32. Rc2 Qd6 33. Rcd2 a5 34. Qe3
Red7 35. d4 exd4 36. Nxd4 Qc7 37. f4 a4 38. Bc2 Qb7 39. Qc3 Kg8 40. Qc5 Qc7 41.
e5 Rd5 42. Qc3 b4 43. Qe3 c5 44. Nf3 Bc6 45. Be4 Rxd2 46. Rxd2 Rxd2 47. Nxd2 Qd7
48. Bxc6 Qxc6+ 49. Ne4 Qd5 50. b3 Qd1+ 51. Kg2 Qc2+ 52. Kg3 axb3 53. axb3 c4 54.
Qd4 Qxb3+ 55. Kh4 Qf3 56. Nf6+ Nxf6 57. gxf6 Qe2 58. f5 Qd3 59. Qd6 Qxf5 60. Kg3
b3 61. Qb8+ Kh7 62. Qc7 Qe6 63. Qe7 b2 64. Qb7 Qxe5+ 65. Kg2 Qxf6 66. h4 c3 67.
Qb3 Kg7 68. Qc2 Qd4 69. Kh3 Qe3+ 0-1

[Event "e2e4 Dublin Easter Masters"]
[Site "Dublin IRL"]
[Date "2012.04.07"]
[Round "5"]
[White "Morriss, Pete"]
[Black "Fox, Anthony"]
[Result "1/2-1/2"]
[WhiteElo "2006"]
[BlackElo "2115"]
[WhiteFideId "2500230"]
[BlackFideId "2500736"]
[EventDate "2012.04.05"]

1. b4 Nf6 2. Bb2 e5 3. Bxe5 Bxb4 4. c4 Nc6 5. Bb2 O-O 6. e3 Re8 7. Nf3 d6 8. Be2
h6 9. O-O Bf5 10. a3 Ba5 11. d4 a6 12. Nc3 Rb8 13. Bd3 Bxc3 14. Bxc3 Bxd3 15.
Qxd3 d5 16. Rab1 dxc4 17. Qxc4 Qd5 18. Qxd5 Nxd5 19. Rfc1 f6 20. Bd2 Nb6 21. Ne1
Red8 22. h3 Rd7 23. Rb3 Rbd8 24. Bc3 Re8 25. Nd3 Nd8 26. Nc5 Rf7 27. a4 f5 28.
a5 Nd5 29. Nxb7 Nxb7 30. Rxb7 f4 31. Bd2 fxe3 32. Bxe3 Nxe3 33. fxe3 Rxe3 34.
Rcxc7 Re1+ 35. Kh2 Rxc7 36. Rxc7 Ra1 37. Rc5 Kf7 38. Kg3 Ra4 39. d5 Ke7 40. Rc7+
Kd6 41. Rc6+ Kxd5 42. Rxa6 Ke5 43. Ra7 Kf6 44. a6 h5 45. Ra8 Kg6 46. Kf3 h4 47.
Ke3 Kg5 48. Kd3 Kf4 49. Kc3 Kg3 50. Kb3 Ra1 51. Kb4 Kxg2 52. Kb5 Kxh3 53. Rg8
Kg2 54. Rxg7+ Kf2 55. Rh7 Kg3 56. a7 h3 57. Kb6 h2 58. Rg7+ Kf2 59. Rf7+ Kg2 60.
Rg7+ 1/2-1/2

[Event "e2e4 Dublin Easter Masters"]
[Site "Dublin IRL"]
[Date "2012.04.07"]
[Round "5"]
[White "Alfredsen, John Rune"]
[Black "Armstrong, Malcolm J"]
[Result "0-1"]
[WhiteElo "2077"]
[BlackElo "2026"]
[WhiteFideId "1507184"]
[BlackFideId "409049"]
[EventDate "2012.04.05"]

1. e4 c6 2. d4 d5 3. exd5 cxd5 4. Bd3 Nc6 5. c3 g6 6. Nf3 Bg7 7. Bf4 Nf6 8. h3
Bf5 9. O-O O-O 10. Re1 Bxd3 11. Qxd3 e6 12. Nbd2 Rc8 13. Ne5 Nxe5 14. Bxe5 Nd7
15. Nf3 Nxe5 16. Nxe5 Bxe5 17. Rxe5 Rc4 18. f4 b5 19. a3 a5 20. g4 b4 21. cxb4
axb4 22. f5 gxf5 23. gxf5 Qg5+ 24. Kh2 Qf4+ 25. Qg3+ Qxg3+ 26. Kxg3 Rxd4 27.
fxe6 fxe6 28. Rxe6 Rd3+ 29. Kg4 Kf7 30. Re5 Rg8+ 31. Kh4 Rd4+ 32. Kh5 Kf6 33.
Rae1 bxa3 34. bxa3 Rd3 35. R1e3 Rxe3 36. Rxe3 d4 37. Rf3+ Ke5 38. Rf7 Rd8 39.
Rxh7 d3 40. Re7+ Kf4 41. Re1 Rh8+ 42. Kg6 d2 43. Rh1 Rxh3 44. Rxh3 d1=Q 45. Rh4+
Ke5 46. a4 Qg1+ 47. Kh7 Qg5 48. Rc4 Qf5+ 49. Kg7 Qf6+ 0-1

[Event "e2e4 Dublin Easter Masters"]
[Site "Dublin IRL"]
[Date "2012.04.07"]
[Round "5"]
[White "Salomon, Johan"]
[Black "Carlile, Orison"]
[Result "1-0"]
[WhiteElo "1996"]
[BlackElo "2048"]
[WhiteFideId "1509500"]
[BlackFideId "2504120"]
[EventDate "2012.04.05"]

1. Nf3 e6 2. d4 f5 3. c4 Nf6 4. Nc3 Bb4 5. g3 O-O 6. Bg2 d6 7. O-O Bxc3 8. bxc3
Nbd7 9. Qc2 Ne4 10. Nd2 Nxd2 11. Bxd2 e5 12. Rab1 Rb8 13. e4 f4 14. gxf4 exf4
15. f3 c5 16. Rfe1 Qf6 17. Re2 Qf7 18. Qa4 Ra8 19. Bh3 Nb8 20. Bxc8 Rxc8 21. Rg2
Nc6 22. Kh1 cxd4 23. cxd4 Nxd4 24. Bc3 Rxc4 25. Qa3 a6 26. Qb2 Ne6 27. Bxg7 Nxg7
28. Rbg1 Rc7 29. Rxg7+ Qxg7 30. Qf6 Rf8 31. Rxg7+ Rxg7 32. Qxd6 Rff7 33. Qd8+
Rf8 34. Qd6 Rff7 35. h4 Rg6 36. Qd8+ Kg7 37. Kh2 h6 38. Qd5 Kf8 39. Qd8+ Kg7 40.
Qe8 Rf8 41. Qe5+ Kg8 42. Qd5+ Kh8 43. Qxb7 Rfg8 44. Qb2+ Kh7 45. Qd2 Rf8 46.
Qd7+ Kg8 47. e5 Rf7 48. Qd8+ Kg7 49. Qc8 Re7 50. Qf5 Rf7 51. Qe4 Re6 52. h5 Rfe7
53. Kh3 Rxe5 54. Qg6+ Kf8 55. Qxh6+ Ke8 56. Kg4 R5e6 57. Qxf4 Rg7+ 58. Kh4 Re1
59. Qh2 Rgg1 60. Qb8+ Kf7 61. Qb7+ Kf6 62. Qxa6+ Kf5 63. Qc8+ Kf4 64. Qf8+ Ke5
65. a4 Ke6 66. h6 Ke5 67. Kh5 Rd1 68. Qe7+ Kf5 69. Qf7+ Ke5 70. a5 Rh1+ 71. Kg6
Rd6+ 72. Kg7 Rdxh6 73. Qe7+ Kd5 74. Qe4+ Kd6 75. Qf4+ 1-0

[Event "e2e4 Dublin Easter Masters"]
[Site "Dublin IRL"]
[Date "2012.04.07"]
[Round "5"]
[White "Madynski, Pawel"]
[Black "Magee, Ronan"]
[Result "1-0"]
[WhiteElo "2128"]
[BlackElo "1948"]
[WhiteFideId "1108751"]
[BlackFideId "2503000"]
[EventDate "2012.04.05"]

1. Nc3 d5 2. e4 d4 3. Nce2 e5 4. d3 Nf6 5. f4 exf4 6. Nxf4 c5 7. Nf3 Nc6 8. Be2
Bd6 9. O-O O-O 10. Qe1 Qc7 11. Qh4 Be7 12. Nh5 Nxh5 13. Qxh5 Be6 14. a3 f6 15.
Bd2 Ne5 16. Bf4 Bd6 17. Nxe5 Bxe5 18. g3 g6 19. Qh6 Qg7 20. Kg2 Qxh6 21. Bxh6
Rfc8 22. Bf4 b5 23. a4 a6 24. Bxe5 fxe5 25. Rf6 Re8 26. g4 g5 27. h4 Bd7 28. Rd6
Re7 29. axb5 Bxb5 30. hxg5 Rg7 31. Rd5 Rxg5 32. Rxc5 Rf8 33. Rh1 Bd7 34. Rh5 Rg6
35. Kg3 Bxg4 36. Bxg4 Rf4 37. Rh4 h5 38. Rxe5 Rfxg4+ 39. Rxg4 Rxg4+ 40. Kf3 Rh4
41. Rd5 Rh2 42. Rxd4 Rxc2 43. Rd5 Rxb2 44. Rxh5 Kf7 45. Rh6 Ra2 46. e5 a5 47.
Ke4 Ra1 48. Ra6 a4 49. Kd5 a3 50. Ra7+ Kf8 51. Ke6 a2 52. Ra8+ Kg7 53. d4 Rd1
54. Rxa2 Rxd4 55. Ke7 Rb4 56. Rg2+ Kh7 57. e6 Rb1 58. Kf7 Rf1+ 59. Ke8 Re1 60.
e7 Re3 61. Rg4 Re1 62. Rg5 Kh6 63. Rg8 Kh7 64. Rf8 Kg7 65. Kd7 Rd1+ 66. Kc6 Rc1+
67. Kb5 1-0

[Event "e2e4 Dublin Easter Masters"]
[Site "Dublin IRL"]
[Date "2012.04.07"]
[Round "5"]
[White "Cafolla, Peter"]
[Black "Puroila, Sippo"]
[Result "1-0"]
[WhiteElo "2034"]
[BlackElo "1886"]
[WhiteFideId "2500884"]
[BlackFideId "504572"]
[EventDate "2012.04.05"]

1. d4 Nf6 2. c4 g6 3. Nc3 d5 4. Bg5 c6 5. Bxf6 exf6 6. cxd5 cxd5 7. Qb3 Nc6 8.
e3 Bb4 9. Bd3 O-O 10. Ne2 Rb8 11. O-O Be6 12. Nf4 g5 13. Nh5 Be7 14. Qc2 h6 15.
a3 Qd7 16. b4 Rfc8 17. Ng3 Bf8 18. f4 Qd8 19. Rac1 Bg7 20. Qe2 Ne7 21. Bb1 Rc7
22. Qd3 f5 23. Nh5 g4 24. h3 gxh3 25. g4 Rbc8 26. Kh2 Qd7 27. Rg1 Rxc3 28. Rxc3
Rxc3 29. Qxc3 fxg4 30. Nxg7 Kxg7 31. e4 f5 32. exf5 Bxf5 33. Qxh3 Bxb1 34. Rxg4+ 1-0

[Event "e2e4 Dublin Easter Masters"]
[Site "Dublin IRL"]
[Date "2012.04.07"]
[Round "5"]
[White "Healy, John"]
[Black "Harstad, Christian"]
[Result "0-1"]
[WhiteElo "1840"]
[BlackElo "2029"]
[WhiteFideId "2500965"]
[BlackFideId "1504045"]
[EventDate "2012.04.05"]

1. d4 f5 2. g3 Nf6 3. Bg2 e6 4. Nh3 d5 5. O-O Bd6 6. b3 Qe7 7. Bb2 O-O 8. c4 c6
9. Nc3 Bd7 10. f3 e5 11. cxd5 exd4 12. dxc6 Nxc6 13. Nb5 Bc5 14. Nf2 Nd5 15.
Nxd4 Ne3 16. Nxc6 Bxc6 17. Qd3 Rad8 18. Qc3 Bd4 19. Qc1 Nxf1 20. Qc4+ Qf7 21.
Qxf7+ Rxf7 22. Bxd4 Nxg3 23. hxg3 Rxd4 24. e4 fxe4 25. Nxe4 Bxe4 26. fxe4 Rd2
27. e5 Re7 28. Re1 Rxa2 29. e6 Rb2 30. Bxb7 Rxb3 31. Rd1 g6 32. Rd8+ Kg7 33. Rd7
Rxb7 0-1

[Event "e2e4 Dublin Easter Masters"]
[Site "Dublin IRL"]
[Date "2012.04.07"]
[Round "5"]
[White "Jackson, Carl"]
[Black "Roneid, Heidi"]
[Result "1-0"]
[WhiteElo "1982"]
[BlackElo "1689"]
[WhiteFideId "2502585"]
[BlackFideId "1514431"]
[EventDate "2012.04.05"]

1. e4 e5 2. Bc4 Nc6 3. Nf3 Nf6 4. Ng5 d5 5. exd5 Na5 6. Bb5+ Bd7 7. Qe2 Bd6 8.
Nc3 Nxd5 9. Bxd7+ Qxd7 10. Nxd5 O-O 11. Qh5 h6 12. Ne4 f5 13. Nxd6 Qxd6 14. Ne3
Qf6 15. O-O Nc6 16. d3 Rad8 17. Bd2 Nd4 18. Bc3 c5 19. f4 exf4 20. Rxf4 Qe6 21.
Bxd4 Rxd4 22. Qf3 Rxf4 23. Qxf4 Kh7 24. a3 Rf7 25. Rf1 g5 26. Qf2 f4 27. Nc4 b5
28. Re1 Qf6 29. Ne5 Re7 30. Qxc5 h5 31. Qd5 g4 32. Qe4+ Kg7 33. d4 Kh6 34. Nxg4+
hxg4 35. Qxe7 Qxd4+ 36. Kh1 f3 37. Re6+ Kh5 38. Qh7+ Kg5 39. Qg6+ Kf4 40. g3# 1-0

[Event "e2e4 Dublin Easter Masters"]
[Site "Dublin IRL"]
[Date "2012.04.07"]
[Round "5"]
[White "O'Donnell, Conor"]
[Black "Grebstad, Kjell Borre"]
[Result "1-0"]
[WhiteElo "1804"]
[BlackElo "1987"]
[WhiteFideId "2504243"]
[BlackFideId "1509640"]
[EventDate "2012.04.05"]

1. e4 d5 2. exd5 Qxd5 3. Nf3 Bg4 4. Be2 Nc6 5. O-O O-O-O 6. h3 Bf5 7. a3 e5 8.
d3 h6 9. b4 g5 10. Nc3 Qe6 11. Re1 e4 12. Nh2 Bg7 13. Bb2 e3 14. fxe3 Qxe3+ 15.
Kh1 Qg3 16. Bg4 Bxg4 17. Nxg4 Qd6 18. Ne3 Nd4 19. Nb5 Qd7 20. a4 Kb8 21. Nxd4
Bxd4 22. Bxd4 Qxd4 23. b5 Ne7 24. Qg4 Qc3 25. Qc4 Qg7 26. Rf1 Rhf8 27. a5 f5 28.
b6 cxb6 29. axb6 a6 30. Qc7+ Ka8 31. Rxa6+ 1-0

[Event "e2e4 Dublin Easter Masters"]
[Site "Dublin IRL"]
[Date "2012.04.08"]
[Round "6"]
[White "Romero Holmes, Alfonso"]
[Black "Kvisvik, Brede"]
[Result "1-0"]
[WhiteTitle "GM"]
[BlackTitle "FM"]
[WhiteElo "2501"]
[BlackElo "2304"]
[WhiteFideId "2200066"]
[BlackFideId "1502999"]
[EventDate "2012.04.05"]

1. e4 c5 2. Nf3 d6 3. d4 cxd4 4. Nxd4 Nf6 5. Nc3 a6 6. Qf3 e5 7. Nf5 Be6 8. Bg5
Nbd7 9. O-O-O Qc7 10. g4 h6 11. Bd2 Rc8 12. Bd3 b5 13. Kb1 b4 14. Nd5 Bxd5 15.
exd5 g6 16. Ng3 Qb7 17. h4 Qxd5 18. Qxd5 Nxd5 19. Bxa6 Rb8 20. h5 Nc3+ 21. Bxc3
bxc3 22. b3 Nf6 23. hxg6 fxg6 24. g5 Ng4 25. Ne4 h5 26. Be2 Rb4 27. Bc4 Be7 28.
Rd3 Rf8 29. f3 Rf4 30. Rxc3 Rxe4 31. fxe4 Bxg5 32. a3 Rb8 33. Rg1 Bf4 34. Be6 g5
35. Bxg4 hxg4 36. Rxg4 Kd7 37. Rh3 d5 38. Rd3 d4 39. Rh3 Kc6 40. Kb2 Kc5 41. Rh5
d3 42. cxd3 Kd4 43. Rgxg5 Re8 44. Rg1 Kxd3 45. b4 Kxe4 46. Re1+ Kd3 47. Rh3+ Kd2
48. Rg1 Ke2 49. Rg2+ Kf1 50. Rc2 Kg1 51. Rd3 e4 52. Rd1# 1-0

[Event "e2e4 Dublin Easter Masters"]
[Site "Dublin IRL"]
[Date "2012.04.08"]
[Round "6"]
[White "Hebden, Mark L"]
[Black "Valeanu, Eduard-Andrei"]
[Result "1-0"]
[WhiteTitle "GM"]
[WhiteElo "2514"]
[BlackElo "2461"]
[WhiteFideId "400084"]
[BlackFideId "1212168"]
[EventDate "2012.04.05"]

1. d4 Nf6 2. Nf3 g6 3. Nc3 d5 4. Bf4 Bg7 5. Qd2 Ne4 6. Nxe4 dxe4 7. Ne5 Nd7 8.
Nxd7 Qxd7 9. e3 O-O 10. Qb4 b6 11. Rd1 c6 12. Be2 Bb7 13. O-O Rfe8 14. a4 Bf8
15. Qb3 Qf5 16. h3 e6 17. Be5 Bg7 18. Bxg7 Kxg7 19. Qc3 Kg8 20. a5 Rab8 21. f3
exf3 22. Bxf3 Qb5 23. axb6 axb6 24. Ra1 c5 25. Ra7 Bxf3 26. Rxf3 Rf8 27. Rc7
Rbc8 28. Rxc8 Rxc8 29. b3 Qc6 30. Rf2 b5 31. dxc5 Qxc5 32. Qf6 Rc7 33. e4 e5 34.
Kh2 Qd4 35. Rf3 Qc5 36. Rd3 Rc8 37. c3 Re8 38. Rd7 Rf8 39. Qf3 Qc6 40. Rd5 f6
41. Qd3 Rc8 42. Rxb5 Qxc3 43. Qd5+ Kh8 44. Qf7 Qc7 45. Qxf6+ Qg7 46. Qe6 Rf8 47.
b4 Qf6 48. Qxe5 Qxe5+ 49. Rxe5 Kg7 50. Kg3 Rf1 51. Re7+ Kf6 52. Rxh7 Rb1 53. Rb7
Ke5 54. Kg4 Kxe4 55. h4 Rb3 56. Rb6 Ke5 57. b5 Ke4 58. Re6+ Kd5 59. Rxg6 Rb4+
60. Kh5 Ke5 61. Rg5+ Kf6 62. Rc5 Rb2 63. g4 Rb4 64. Rf5+ Kg7 65. Kg5 Rd4 66. Rc5
Rd6 67. h5 Kh7 68. Kf5 Kg7 69. g5 Kf7 70. h6 Rb6 71. g6+ 1-0

[Event "e2e4 Dublin Easter Masters"]
[Site "Dublin IRL"]
[Date "2012.04.08"]
[Round "6"]
[White "Collins, Sam E."]
[Black "Williams, Simon K"]
[Result "0-1"]
[WhiteTitle "IM"]
[BlackTitle "GM"]
[WhiteElo "2439"]
[BlackElo "2506"]
[WhiteFideId "2501198"]
[BlackFideId "404454"]
[EventDate "2012.04.05"]

1. e4 e6 2. d4 d5 3. Nd2 Nf6 4. Bd3 c5 5. c3 cxd4 6. cxd4 dxe4 7. Nxe4 Nxe4 8.
Bxe4 Bb4+ 9. Bd2 Bxd2+ 10. Qxd2 Nd7 11. Ne2 Nf6 12. Bf3 O-O 13. Nc3 Rb8 14. Qf4
Bd7 15. Qd6 Bc6 16. Qxd8 Rfxd8 17. Bxc6 bxc6 18. O-O-O Rb4 19. Ne2 Rdb8 20. b3
a5 21. Kc2 Kf8 22. h3 Ke7 23. Rd3 a4 24. Rb1 Nd5 25. a3 R4b7 26. b4 Rd8 27. Kd2
Rd6 28. Rc1 Rbd7 29. Rc5 Nc7 30. Ra5 Nb5 31. Rxa4 e5 32. Ra6 e4 33. Re3 f5 34.
f3 Nxd4 35. Nxd4 Rxd4+ 36. Kc3 Rd3+ 37. Rxd3 Rxd3+ 38. Kc2 Rd6 39. fxe4 fxe4 40.
Ra5 Kf6 41. Rc5 h5 42. h4 e3 43. Rc3 Rd2+ 44. Kc1 Rxg2 45. Rxe3 g5 46. hxg5+
Kxg5 47. Re5+ Kg4 48. Re6 h4 49. Rg6+ Kf3 50. Rh6 Kg3 51. Rg6+ Kh2 52. Rxc6 h3
53. Rh6 Ra2 54. Kb1 Rxa3 55. Kb2 Rg3 56. b5 Kg2 57. b6 Rg4 58. Kc3 h2 59. b7 Rg8
60. b8=Q Rxb8 61. Rg6+ Kh1 62. Kd2 Rb1 63. Ke2 Rg1 64. Rh6 Kg2 65. Rg6+ Kh3 0-1

[Event "e2e4 Dublin Easter Masters"]
[Site "Dublin IRL"]
[Date "2012.04.08"]
[Round "6"]
[White "Ernst, Sipke"]
[Black "Astaneh Lopez, Alex"]
[Result "1-0"]
[WhiteTitle "GM"]
[BlackTitle "IM"]
[WhiteElo "2578"]
[BlackElo "2400"]
[WhiteFideId "1004689"]
[BlackFideId "2501430"]
[EventDate "2012.04.05"]

1. d4 Nf6 2. c4 g6 3. Nc3 d5 4. cxd5 Nxd5 5. e4 Nxc3 6. bxc3 Bg7 7. Nf3 c5 8.
Be3 O-O 9. Be2 b6 10. h4 Bg4 11. h5 Nc6 12. hxg6 hxg6 13. e5 cxd4 14. cxd4 Qd7
15. Qd2 Rfd8 16. Rd1 Qe8 17. Bh6 Qf8 18. Qf4 Bxh6 19. Rxh6 Nb4 20. Rh4 Bxf3 21.
Bxf3 Qg7 22. Qg5 Rac8 23. Qxe7 a5 24. a3 Nc2+ 25. Kf1 b5 26. Bc6 Qf8 27. Qf6 Qg7
28. Qe7 Qf8 29. Qxf8+ Kxf8 30. Bxb5 Nxa3 31. Bd3 Ke7 32. Ra1 Rc3 33. Ke2 Rb8 34.
Kd2 Rbb3 35. Rh3 Rc8 36. Ra2 Rd8 37. Rh4 g5 38. Rg4 f6 39. exf6+ Kxf6 40. Re4 a4
41. g3 Rd6 42. Rg4 Rd8 43. Re4 Rd6 44. Ke2 Rd8 45. Ra1 Rc8 46. d5 Nb5 47. Bxb5
Rxb5 48. Raxa4 Rxd5 49. Ra6+ Kf7 50. Ra7+ Kf6 51. Ra6+ Kf7 52. Ra2 Rc6 53. Kf3
Rf6+ 54. Kg4 Kg6 55. Re7 Rd4+ 56. Kh3 Rb4 57. Re5 Kh6 58. Ra7 Rb2 59. f3 Rbb6
60. Re3 Rb5 61. Rd7 Kg6 62. Rd4 Kh5 63. Rd8 Ra5 64. Rh8+ Kg6 65. Rg8+ Kf7 66.
Ree8 Ra3 67. Ref8+ Ke7 68. Rxf6 Kxf6 69. Kg4 Rb3 70. Rc8 Rb4+ 71. Kh5 Rb3 72.
Rf8+ 1-0

[Event "e2e4 Dublin Easter Masters"]
[Site "Dublin IRL"]
[Date "2012.04.08"]
[Round "6"]
[White "Daly, Colm"]
[Black "Gormally, Daniel W"]
[Result "1-0"]
[WhiteTitle "FM"]
[BlackTitle "GM"]
[WhiteElo "2285"]
[BlackElo "2520"]
[WhiteFideId "2500434"]
[BlackFideId "406465"]
[EventDate "2012.04.05"]

1. d4 Nf6 2. c4 g6 3. Nc3 d5 4. cxd5 Nxd5 5. e4 Nxc3 6. bxc3 Bg7 7. Be3 c5 8.
Qd2 Qa5 9. Rc1 O-O 10. Nf3 cxd4 11. cxd4 Qxd2+ 12. Bxd2 Bg4 13. Be3 Rd8 14. d5
Nd7 15. h3 Bxf3 16. gxf3 Rdc8 17. Rxc8+ Rxc8 18. Bd3 Bd4 19. Kd2 Bxe3+ 20. fxe3
e6 21. Rb1 Nc5 22. Rc1 b6 23. Ke2 Kf8 24. dxe6 fxe6 25. e5 Rd8 26. Bb1 Kg7 27.
h4 Kh6 28. Bc2 Kh5 29. Rh1 b5 30. f4 b4 31. Rc1 Rc8 32. Bb3 Rc7 33. Kf3 a5 34.
Rc2 h6 35. Rc1 g5 36. hxg5 1-0

[Event "e2e4 Dublin Easter Masters"]
[Site "Dublin IRL"]
[Date "2012.04.08"]
[Round "6"]
[White "Brady, Stephen"]
[Black "Wall, Gavin"]
[Result "1-0"]
[WhiteTitle "FM"]
[BlackTitle "IM"]
[WhiteElo "2383"]
[BlackElo "2330"]
[WhiteFideId "2500124"]
[BlackFideId "2501244"]
[EventDate "2012.04.05"]

1. e4 e5 2. Nf3 d6 3. d4 exd4 4. Nxd4 Nf6 5. Nc3 Be7 6. g3 O-O 7. Bg2 Re8 8. O-O
c6 9. Bf4 Bf8 10. Qd2 Nbd7 11. Rad1 Ne5 12. h3 Nc4 13. Qc1 Qa5 14. Nb3 Qb6 15.
g4 Be6 16. Qa1 Rad8 17. Nd2 Qxb2 18. Qxb2 Nxb2 19. Rb1 Nc4 20. Rxb7 Rd7 21. Rxd7
Nxd7 22. Nxc4 Bxc4 23. Rb1 Rb8 24. Rxb8 Nxb8 25. Bf1 Bxf1 26. Kxf1 f6 27. Ke2
Kf7 28. Be3 a6 29. Kd3 Ke6 30. f4 g6 31. Ne2 d5 32. f5+ gxf5 33. gxf5+ Kd7 34.
Nc3 dxe4+ 35. Nxe4 Bg7 36. Bd4 h6 37. Be3 h5 38. Bd4 1-0

[Event "e2e4 Dublin Easter Masters"]
[Site "Dublin IRL"]
[Date "2012.04.08"]
[Round "6"]
[White "Rudd, Jack"]
[Black "Bae, Torstein"]
[Result "1/2-1/2"]
[WhiteTitle "IM"]
[BlackTitle "IM"]
[WhiteElo "2303"]
[BlackElo "2413"]
[WhiteFideId "405736"]
[BlackFideId "1501887"]
[EventDate "2012.04.05"]

1. e4 e5 2. d4 exd4 3. Qxd4 Nc6 4. Qe3 Nf6 5. Nc3 Bb4 6. Bd2 O-O 7. O-O-O Re8 8.
Bc4 Bxc3 9. Bxc3 Nxe4 10. Qf4 Re7 11. Bxf7+ Rxf7 12. Qxe4 Qg5+ 13. Kb1 d5 14.
Qxd5 Qxd5 15. Rxd5 Rxf2 16. Nf3 g6 17. Ne5 Nxe5 18. Bxe5 Rf7 19. Rd8+ Rf8 20.
Rxf8+ Kxf8 21. Rf1+ Kg8 22. Kc1 Be6 23. b3 a6 1/2-1/2

[Event "e2e4 Dublin Easter Masters"]
[Site "Dublin IRL"]
[Date "2012.04.08"]
[Round "6"]
[White "Quinn, Mark"]
[Black "Fitzsimons, David"]
[Result "1-0"]
[WhiteTitle "IM"]
[WhiteElo "2398"]
[BlackElo "2257"]
[WhiteFideId "2500450"]
[BlackFideId "2501961"]
[EventDate "2012.04.05"]

1. Nf3 c5 2. g3 b6 3. Bg2 Bb7 4. O-O Nf6 5. c4 e6 6. Nc3 Be7 7. Re1 Ne4 8. Nxe4
Bxe4 9. d3 Bb7 10. e4 Nc6 11. h4 O-O 12. Ng5 Nd4 13. f4 f6 14. Nh3 f5 15. Be3
Qc7 16. Qe2 Rac8 17. Bxd4 cxd4 18. exf5 Bxg2 19. Qxg2 Rxf5 20. Re2 a6 21. Qe4 b5
22. b3 Qc6 23. Kg2 bxc4 24. Qxc6 Rxc6 25. bxc4 Rb6 26. Ng1 Ra5 27. Rd1 Rb4 28.
Nf3 Bf6 29. g4 g6 30. g5 Bg7 31. Kg3 Ra3 32. Kg4 Rba4 33. Rdd2 Kf7 34. h5 gxh5+
35. Kxh5 Ra5 36. Kg4 h6 37. gxh6 Bxh6 38. Ne5+ Ke7 39. Rh2 Rxe5 40. fxe5 Bxd2
41. Rxd2 d6 42. Kf4 Ra5 43. exd6+ Kxd6 44. Ke4 Kc5 45. Ke5 Ra3 46. Kxe6 Kb4 47.
Kd5 Kc3 48. Rh2 Ra5+ 49. c5 Kb4 50. Kxd4 Rxc5 51. Rb2+ Ka3 52. Kxc5 Kxb2 53. d4
Kxa2 54. Kb4 1-0

[Event "e2e4 Dublin Easter Masters"]
[Site "Dublin IRL"]
[Date "2012.04.08"]
[Round "6"]
[White "Bomans, Arno"]
[Black "Csonka, Attila Istvan"]
[Result "1/2-1/2"]
[BlackTitle "IM"]
[WhiteElo "2228"]
[BlackElo "2384"]
[WhiteFideId "206024"]
[BlackFideId "716529"]
[EventDate "2012.04.05"]

1. d4 Nf6 2. c4 e6 3. g3 d5 4. Bg2 Be7 5. Nf3 O-O 6. O-O Nbd7 7. Qc2 c6 8. Rd1
b6 9. b3 Ba6 10. Nbd2 Rc8 11. e4 c5 12. exd5 exd5 13. Bb2 b5 14. Qf5 g6 15. Qg5
bxc4 16. bxc4 cxd4 17. cxd5 Ne4 18. Qh6 Nc3 19. Re1 Bf6 20. Ne4 Bg7 21. Qd2 Qb6
22. Ba3 Nxe4 23. Rxe4 Rfe8 24. Rxe8+ Rxe8 25. Re1 Rd8 26. Be7 Rc8 27. Bh3 Qb7
28. Nxd4 Qxd5 29. Nb3 Qxd2 30. Nxd2 f5 31. Bg2 Nb6 32. Bb4 Bf6 33. h4 Kg7 34.
Re6 Bb5 35. a3 Rc1+ 36. Kh2 Kf7 37. Re3 Rc2 38. Bf3 Bd7 39. Bd1 Rc1 40. Bb3+ Kg7
41. Nf3 Bc6 42. Re1 Rxe1 43. Nxe1 Bd4 44. Kg1 Nd5 45. Nc2 Bb6 46. Bd2 Kf6 47.
Nb4 Nxb4 48. Bc3+ 1/2-1/2